|
|
|
|
| LEADER |
00000nab a2200000 a 4500 |
| 001 |
vtls000931613 |
| 003 |
SK-MaSNL |
| 005 |
20260304175522.0 |
| 008 |
040720e20031006xo 0 slo |
| 035 |
|
|
|a KE40490
|
| 040 |
|
|
|a KEVKJB
|b slo
|c KEVKJB
|e AACR2
|
| 041 |
0 |
|
|a slo
|
| 044 |
|
|
|a xo
|c SK
|
| 080 |
|
|
|a 796.422.16.093.1
|2 1981
|
| 100 |
1 |
|
|a Matia, Bohuš
|4 aut
|9 538114
|
| 245 |
1 |
0 |
|a Výsledky 73. ročníka MMM
|
| 611 |
2 |
7 |
|a Medzinárodný maratón mieru (Košice, Slovensko)
|2 KEVKJB
|9 258678
|
| 650 |
0 |
7 |
|a roč. 73.
|2 KEVKJB
|9 1508029
|
| 650 |
0 |
7 |
|a výsledky
|2 KEVKJB
|9 493505
|
| 651 |
|
7 |
|a Košice (Slovensko)
|2 KEVKJB
|9 18694
|
| 651 |
|
7 |
|a KE,
|2 KEVKJB
|9 877256
|
| 655 |
|
7 |
|a periodikum
|2 snkbucl
|9 29553
|
| 773 |
0 |
8 |
|t Košický večer
|g Roč. 14
|g Roč. 35, č.190, 6.10.2003, s. 16
|
| 852 |
|
|
|a ZVYKNI
|b KIS3GCP
|
| 999 |
|
|
|c 3013913
|d 3015843
|